| 000 | 00363cam a2200145ua 4500 | ||
|---|---|---|---|
| 041 |
_aeng _h |
||
| 082 |
_a616.8914 _bPLA/WO |
||
| 100 | _aPlatonov, K.I . | ||
| 245 | _aWorld as a physiological and therapeutic factor | ||
| 260 |
_aMoscow : _bForeign Language Publishing House , _c1959. |
||
| 300 | _a452 ; . | ||
| 504 | _a | ||
| 942 | _cBK | ||
| 999 |
_c4593 _d4593 |
||